00354nam a2200133Ia 4500003000400000008004100004020002300045040000800068100002600076245006100102260003000163300001500193365001200208LDD181029s9999 xx 000 0 und d a826461689cP 25.00 cLDD aChryssides, George D. 2aA Reader in New Religious MovementcGeorge D. Chryssides aNew YorkbContinuumc2006 aviii, 432p bP 25.00